Guatemala: Avances y logros del primer año de democratización /
Guardado en:
| 主要作者: | |
|---|---|
| 格式: | Texto |
| 標簽: |
添加標簽
沒有標簽, 成為第一個標記此記錄!
|
MARC
| LEADER | 00000 a a2200000 04500 | ||
|---|---|---|---|
| 001 | 47774 | ||
| 003 | |||
| 040 | |||
| 100 | |a Cerezo Arévalo, Vinicio | ||
| 245 | |a Guatemala: Avances y logros del primer año de democratización / |c Vinicio Cerezo Arévalo | ||
| 500 | |a Discurso pronunciado ante el Congreso de la República de Guatemala al cumplir su primer año de gobierno (Guatemala, 14 de enero, 1987). | ||
| 773 | |g número5, (enero-marzo, 1987), páginas 3-28 | ||
| 999 | |c 39387 |d 39387 | ||
